[Event "Tashkent FIDE GP"]
[Site "Tashkent"]
[Date "2014.10.27"]
[Round "6"]
[White "Nakamura, Hikaru"]
[Black "Caruana, Fabiano"]
[Result "1/2-1/2"]
[WhiteElo "2764"]
[BlackElo "2844"]
[Annotator "CB"]
[PlyCount "129"]
[EventDate "2014.10.21"]
[EventType "tourn"]
[EventRounds "11"]
[EventCountry "UZB"]
[EventCategory "21"]
[SourceTitle "CBM 163"]
[Source "ChessBase"]
[SourceDate "2014.11.11"]
[SourceVersion "1"]
[SourceVersionDate "2014.11.11"]
[SourceQuality "1"]

1. d4 Nf6 2. c4 e6 3. Nc3 Bb4 4. Qc2 O-O 5. Nf3 c5 6. dxc5 Na6 7. Bd2 Nxc5 8.
a3 Bxc3 9. Bxc3 Nce4 10. e3 Nxc3 11. Qxc3 b6 12. Be2 Ba6 13. Qb3 Rc8 {With
pressure on c4 and finished development it doesn't seem as if Black could be
worse here. Actually, if anything, White is the one that has to be careful.}
14. Qa4 Bb7 15. O-O Qc7 16. Nd4 a6 17. Rfd1 Rfd8 18. Qb4 Be4 19. Rac1 e5 20.
Nb3 d6 21. Qe1 Qb7 22. Qf1 Bc6 23. Nd2 Qe7 24. Rc3 a5 25. Rdc1 a4 {Isolating
the c4 pawn.} 26. Qd1 Ra8 27. Bf3 e4 28. Be2 Nd7 29. Qe1 Nc5 {Caruana keeps
improving his position while Nakamura is without a plan. He lashes out, but
this costs him a pawn.} 30. b4 axb3 31. Nxb3 Rxa3 32. Nd4 Rxc3 33. Qxc3 {
White's activity has greatly improved and he has ripped apart the bind on the
queenside, he also gains a chance to attack the b6 pawn. Practically speaking
this seems like a good position, but he is after all down a pawn now.} Bd7 34.
Ra1 Rb8 35. Ra7 Qd8 36. Qa1 Rc8 37. h3 g6 38. Nb5 {an unusual decision to
trade the nice knight on d4, but White does gain the spot for the queen. It
will be very difficult for Caruauna to try to make progress from this position.
} Bxb5 39. cxb5 h5 40. f4 exf3 41. Bxf3 Qg5 42. Qc3 Rd8 43. Qd4 d5 44. h4 Qf5
45. Ra1 Qd7 46. Qf6 Qe8 47. Kh1 Ne4 $2 (47... Ne6 {kept the extra pawn and
starts to actually consolidate Black's position.} 48. Ra7 $15) 48. Bxe4 dxe4
49. Qxb6 Qe7 50. Kg1 $1 Rd2 (50... Qxh4 51. Qc7 {starts to actually be bad for
Black as the b-pawn is a real concern.}) 51. Qc6 Qxh4 {In this scenario
Black's attack is very fast, but White has a good resource to neutralize it.}
52. Ra8+ Kh7 53. Rh8+ $1 Kxh8 54. Qc3+ Kh7 55. Qxd2 Qg5 {White's passed pawn
on the b-file is worth more than anything else in the position. Black has the
material advantage but w ould be happy with a draw.} 56. b6 h4 57. Qf2 Kg7 58.
Qf4 Qb5 59. Qc7 h3 60. gxh3 Qb1+ 61. Kg2 Qb2+ 62. Kg3 Qf6 63. b7 Qf3+ 64. Kh2
Qf2+ 65. Kh1 1/2-1/2

[Event "Tashkent FIDE GP"]
[Site "Tashkent"]
[Date "2014.10.28"]
[Round "7"]
[White "Caruana, Fabiano"]
[Black "Gelfand, Boris"]
[Result "1-0"]
[WhiteElo "2844"]
[BlackElo "2748"]
[Annotator "RR"]
[PlyCount "69"]
[EventDate "2014.10.21"]
[EventType "tourn"]
[EventRounds "11"]
[EventCountry "UZB"]
[EventCategory "21"]
[SourceTitle "CBM 163"]
[Source "ChessBase"]
[SourceDate "2014.11.11"]
[SourceVersion "1"]
[SourceVersionDate "2014.11.11"]
[SourceQuality "1"]

1. d4 Nf6 2. c4 e6 3. Nc3 Bb4 4. Qc2 d5 5. cxd5 exd5 6. Bg5 h6 7. Bxf6 Qxf6 8.
e3 O-O 9. a3 Bf5 10. Bd3 Bxc3+ 11. bxc3 Bxd3 12. Qxd3 c5 13. Ne2 Nd7 14. O-O
Qc6 15. a4 Rfc8 16. Rfb1 Rc7 17. a5 Rac8 18. h3 Nf6 19. Ng3 Qe6 20. dxc5 Ne4
21. Nxe4 dxe4 22. Qd6 Qf5 23. Ra4 Rxc5 24. Rxb7 Rxa5 $2 (24... Rxc3 25. Qf4
Qxf4 26. exf4 Rc1+ 27. Kh2 R1c2 28. Rxe4 Rxf2 29. Rxa7 Rcc2 $11) 25. Rxa5 Qxa5
26. Rxf7 $1 $18 Qxc3 27. Rxa7 Kh8 28. Rf7 Re8 29. g4 Kh7 30. Qd7 Rb8 31. Qf5+
Kg8 32. Ra7 Qb2 33. Qxe4 Rf8 34. Qd5+ Kh7 35. Rf7 1-0

[Event "Tashkent FIDE GP"]
[Site "Tashkent"]
[Date "2014.10.29"]
[Round "8"]
[White "Caruana, Fabiano"]
[Black "Kasimdzhanov, Rustam"]
[Result "1/2-1/2"]
[WhiteElo "2844"]
[BlackElo "2706"]
[Annotator "CB"]
[PlyCount "72"]
[EventDate "2014.10.21"]
[EventType "tourn"]
[EventRounds "11"]
[EventCountry "UZB"]
[EventCategory "21"]
[SourceTitle "CBM 163"]
[Source "ChessBase"]
[SourceDate "2014.11.11"]
[SourceVersion "1"]
[SourceVersionDate "2014.11.11"]
[SourceQuality "1"]

1. d4 d5 2. c4 dxc4 3. e3 Nf6 4. Bxc4 e6 5. Nf3 c5 6. O-O a6 7. dxc5 Qxd1 8.
Rxd1 Bxc5 9. Be2 Nbd7 10. Nbd2 b6 11. a3 {I'm not sure about the value of this
move.} (11. Nc4 {and}) (11. Nb3 {have been proven by Kramnik to be interesting
moves and that the symmetrical position is still tricky for Black.}) 11... Bb7
12. b4 Be7 13. Nc4 O-O 14. Bb2 Bd5 15. Nfe5 b5 16. Na5 Nxe5 17. Bxe5 Nd7 18.
Bc7 Bf6 19. Rac1 Bb2 20. Rc2 Rfc8 {Kasimdzhanov has, at the very least,
equalized.} 21. Nc6 {Caruana gets himself out of problems with some tactics,
he already had to be very careful.} (21. Rxb2 Rxc7 {leaves him a little worse
with Black controlling the most important file on the board.}) 21... Rxc7 22.
Ne7+ Kf8 23. Rxc7 Kxe7 24. e4 Be5 25. Rxd7+ Kxd7 26. exd5 {The opposite
colored bishops are still dangerous because the a3 and b4 pawns can be
attacked, but it is not a big deal.} Rc8 27. dxe6+ Kxe6 28. Bg4+ f5 29. Bf3 Rc3
30. Bb7 Rxa3 31. Bc8+ Kf6 32. g3 {Kasimdzhanov won a pawn, but it is still
very far from a win.} f4 33. gxf4 Bxf4 34. Rd5 g6 35. Rd7 h5 $6 (35... a5 36.
bxa5 Rxa5 37. Rxh7 {is better for Black still but one would imagine it is a
drawn endgame.}) 36. Ra7 Bd6 1/2-1/2

[Event "Tashkent FIDE GP"]
[Site "Tashkent"]
[Date "2014.11.01"]
[Round "10"]
[White "Caruana, Fabiano"]
[Black "Karjakin, Sergey"]
[Result "1/2-1/2"]
[WhiteElo "2844"]
[BlackElo "2767"]
[Annotator "Krasenkow,M"]
[PlyCount "82"]
[EventDate "2014.10.21"]
[EventType "tourn"]
[EventRounds "11"]
[EventCountry "UZB"]
[EventCategory "21"]
[SourceTitle "CBM 163"]
[Source "ChessBase"]
[SourceDate "2014.11.11"]
[SourceVersion "1"]
[SourceVersionDate "2014.11.11"]
[SourceQuality "1"]

1. Nf3 d5 2. g3 g6 3. Bg2 Bg7 4. d4 Nf6 5. c4 c6 6. cxd5 cxd5 7. Nc3 Ne4 {
I didn't examine this move order in my survey in CBM 155. It has some
subtleties but often leads to positions from the 7.0-0 line.} 8. Qb3 Nxc3 (8...
Nc6 $2 {(Black's best reply after 7.0-0 0-0 8.Nc3 Ne4 9.Qb3) now simply loses
a pawn after} 9. Qxd5) 9. bxc3 O-O 10. Nd2 e6 11. e4 Nc6 (11... dxe4 12. Nxe4 {
[%cal Rc1a3] is dangerous for Black}) ({A position similar to the present game
arose in another encounter between top GMs:} 11... b6 12. O-O Bb7 13. e5 Nc6
14. Re1 Rc8 15. Re3 Na5 16. Qd1 Qe7 17. a4 Rfd8 18. h4 Rd7 19. Ba3 Qd8 20. h5
Rdc7 21. Rc1 Ba6 22. Bd6 Rd7 23. Bb4 Nc6 24. Ba3 Rdc7 25. hxg6 hxg6 26. f4 Bf8
$13 {1-0 (66) Vachier Lagrave,M (2719)-Nepomniachtchi,I (2717) Biel 2013}) (
11... e5 $5 {is an interesting option:} 12. dxe5 dxe4 13. Nxe4 Bxe5 14. O-O Qc7
15. Ba3 Be6 16. Qb2 Rd8 17. Nc5 Bd5 18. Bxd5 Rxd5 19. Rad1 Rxd1 20. Rxd1 b6 21.
Ne4 Nc6 $11 {1-0 (37) Maras,M (2272)-Urukalovic,R (2250) Croatia 2009}) 12. O-O
{Now we get a position which can also arise after 7.0-0 0-0 8.Nc3 Ne4 9.Nd2
Nxc3 10.bxc3 Nc6 11.Qb3 e6 12.e4. It was mentioned in CBM 155.} (12. exd5 {
is now senseless due to} Na5 13. Qb5 $6 a6 14. Qc5 b6) (12. Ba3 Re8 13. O-O Na5
14. Qd1 b6 15. e5 Ba6 16. Re1 Rc8 17. Re3 Qd7 18. h4 Rc6 19. h5 Rec8 20. Bb4
Nc4 21. Nxc4 Bxc4 22. f4 a5 23. Ba3 b5 $13 {1-0 (43) L'Ami,E (2625)-Smirin,I 
(2652) Stockholm 2013}) 12... Na5 13. Qd1 (13. Qb4 b6 14. exd5 exd5 15. Re1 Be6
16. Nf3 Rc8 17. Bg5 Qc7 18. Rac1 Rfe8 19. Bf4 Qc4 20. Qb2 {1/2 (20) Galego,L 
(2484)-Movsziszian,K (2558) Can Picafort 2008}) (13. Qb5 Bd7 14. Qd3 Bc6 15. e5
Qd7 16. Re1 Bb5 17. Qf3 Rfc8 18. Nb3 Nc4 19. h4 Rc7 $132 {0-1 (33) Zakharchev,
V (2228)-Yandemirov,V (2504) Kazan 2007}) (13. Qc2 b6 14. Ba3 Re8 15. Bb4 Nc6
16. Ba3 Na5 17. Bb4 Nc6 18. Ba3 {1/2 (18) Swiercz,D (2633)-Mchedlishvili,M 
(2637) Denizli 2013}) 13... b6 (13... Qc7 14. Qf3 b6 15. Ba3 Rd8 16. e5 Ba6 17.
Rfe1 Rac8 18. Bb4 Bh6 19. Qd1 Nc6 20. Ba3 Na5 21. Bb4 Nc6 22. Ba3 Na5 $11 23.
Nb1 $6 {1-0 (80) Nakamura,H (2778)-Kramnik,V (2797) Istanbul 2012} Rd7 $132 {
[%cal Yc7d8,Yd7c7]}) 14. e5 Ba6 15. Re1 Rc8 16. Re3 Re8 17. h4 {White starts a
kingside attack but Black has strong counterplay along the c-file.} Re7 18. h5
(18. Nb3 $5 {M.Notkin} Rec7 $5 19. Nxa5 bxa5 20. Bd2 Rb7 $132) 18... Rec7 19.
Bb2 Nc4 20. Nxc4 Bxc4 21. hxg6 hxg6 22. a4 b5 $5 23. axb5 Rb7 24. Ba3 Rxb5 25.
f4 a5 26. g4 Rcb8 27. Re1 $2 {A strange retreat.} (27. Qe1 {[%cal Yg4g5,Ye1h4,
Ye3h3] is more logical. A possible continuation:} Bf8 (27... Bh6 $5) 28. Bxf8
Kxf8 29. Rh3 Ke7 {running away from the dangerous area, with uncleaar
consequences.}) 27... Bf8 28. Bxf8 Kxf8 29. Qf3 Qh4 {Black has seized the
initiative completely.} 30. f5 gxf5 31. gxf5 Ke7 {[%cal Yb8g8,Yb8h8]} 32. Rec1
$2 (32. Qh3 $17 {may be the lesser evil.}) 32... exf5 (32... Qh7 $3 33. fxe6 (
33. f6+ Kd7 $19) (33. Qh3 Qxh3 34. Bxh3 Rg8+ 35. Kh1 Bd3) 33... fxe6 {[%cal
Yb8f8]} 34. Qh3 Qxh3 35. Bxh3 Rg8+ 36. Kh1 Rh8 37. Kg2 Rb2+ $19 {->}) 33. Qxf5
{[%csl Gf5] Now White has some prospects of counterplay, due to the strong
position of his queen.} Rb2 34. Rc2 $1 Rxc2 (34... Rb1+ $5 35. Rc1 Rxc1+ 36.
Rxc1 a4 $17) 35. Qxc2 Rh8 36. Qf5 Rh6 37. Rb1 {[%cal Gb1b8]} Kf8 38. Qf3 $1 (
38. Rb7 $4 Qe1+ 39. Bf1 Qe3+ 40. Kg2 Bxf1+ $19) 38... a4 $2 {This lets Black's
advantage slip.} (38... Ba6 $1 {(preventing the invasion of White's rook)} 39.
Qxd5 a4 $17) 39. Rb7 $1 f6 (39... Qe1+ 40. Bf1 Qxf1+ (40... Rg6+ 41. Kh2 Qd2+
42. Bg2 Rh6+ 43. Kg1) 41. Qxf1 Bxf1 42. Kxf1 {, and White should not lose}) (
39... Rh7 40. e6 Qe1+ 41. Bf1 Qxe6 42. Bxc4 dxc4 43. Qg3 {with sufficient
counterplay}) 40. Rb8+ Kf7 41. Rb7+ Kf8 (41... Ke8 42. Rb8+ Ke7 (42... Kd7 $4
43. Qf5+) 43. exf6+ Rxf6 44. Qe3+ Re6 45. Rb7+ Kf6 46. Qf3+ Kg5 47. Rg7+ Kh6
48. Rg3) (41... Kg6 42. Rb6 $5 (42. exf6 $144 Qe1+ 43. Bf1 Qxf1+ 44. Qxf1 Bxf1
45. f7 Kg7 46. Kxf1 Ra6 47. Ke2 a3 48. Rb1 $11) 42... Qe1+ 43. Bf1 $11) 1/2-1/2

[Event "London Classic rapid op 6th"]
[Site "London"]
[Date "2014.12.06"]
[Round "3"]
[White "Mortazavi, Ali"]
[Black "Caruana, Fabiano"]
[Result "0-1"]
[WhiteElo "2353"]
[BlackElo "2839"]
[Annotator "Saunders,J"]
[PlyCount "96"]
[EventDate "2014.12.06"]
[EventType "swiss (rapid)"]
[EventRounds "10"]
[EventCountry "ENG"]
[SourceTitle "CBM 163 Extra"]
[Source "ChessBase"]
[SourceDate "2014.12.23"]
[SourceVersion "1"]
[SourceVersionDate "2014.12.23"]
[SourceQuality "1"]
[WhiteClock "0:00:50"]
[BlackClock "0:00:47"]

1. Nf3 d5 2. g3 c6 3. Bg2 Bg4 4. O-O e6 5. d3 Bd6 6. c4 Nf6 7. b3 dxc4 8. d4
cxb3 9. Qxb3 Qb6 10. Qa4 Qa6 11. Qb3 Nbd7 12. Nc3 O-O 13. Rb1 b5 14. Bf4 Bxf4
15. gxf4 Rab8 16. Ne5 Nxe5 17. dxe5 Nd5 18. e3 Nxc3 19. Qxc3 Be2 20. Rfc1 Bc4
21. e4 Rbd8 22. Qg3 Qxa2 23. f5 Qd2 24. f4 Kh8 25. Kh1 exf5 26. exf5 Bd3 27. f6
gxf6 28. Qh4 fxe5 29. Qf6+ Kg8 30. Rg1 Bg6 31. f5 Qd6 32. Qg5 Kg7 33. Rbf1 c5
34. Rf3 Qd2 35. Qh4 {[diag] Under heavy kingside pressure, the world number
two goes wrong.} Rd4 $2 (35... Qd4 36. Qg5 Rde8 {is some sort of defence,
though it's still tricky.}) 36. Qe7 e4 37. Rg3 Qf4 38. Rf1 $4 ({White is
seeing ghosts. Just the natural} 38. fxg6 $1 hxg6 {and now the obvious tactic}
39. Rxg6+ $1 {turns out to be crushing after} Kxg6 {and now simply} 40. Qxf8 {
when Black has nothing.} ({Maybe White wasted time trying to make the double
check} 40. Bxe4+ {work, against which Black plays} Kh5 {when Black is winning.}
)) 38... Qd6 {Black now has things back under control.} 39. Qh4 (39. Qxd6 Rxd6
40. fxg6 fxg6 41. Rxf8 Kxf8 42. Bxe4 {wins a piece but at the price of too
many pawns.}) 39... e3 40. Qh5 Qxg3 $1 41. f6+ Kh8 42. Qh6 Qxg2+ $1 43. Kxg2
Rg8 44. Kf3 Re4 45. Rd1 Ree8 46. Re1 Re6 47. Rxe3 Rxf6+ 48. Ke2 Bd3+ 0-1

[Event "London Classic Pro Biz Cup 6th"]
[Site "London"]
[Date "2014.12.09"]
[Round "1.3"]
[White "Caruana, Fabiano"]
[Black "Nakamura, Hikaru"]
[Result "1/2-1/2"]
[WhiteElo "2829"]
[BlackElo "2775"]
[PlyCount "80"]
[EventDate "2014.12.09"]
[EventType "k.o. (rapid)"]
[EventRounds "3"]
[EventCountry "ENG"]
[SourceTitle "CBM 163 Extra"]
[Source "ChessBase"]
[SourceDate "2014.12.23"]
[SourceVersion "1"]
[SourceVersionDate "2014.12.23"]
[SourceQuality "1"]

1. e4 c5 2. Bc4 e6 3. c3 a6 4. Nf3 d5 5. exd5 exd5 6. Bb3 Qe7+ 7. Qe2 Nf6 8. d4
Nc6 9. Be3 c4 10. Bc2 Ng4 11. Nbd2 g6 12. Bf4 Bh6 13. Bxh6 Nxh6 14. Nf1 Bf5 15.
Ne3 Bxc2 16. Nxc2 Qxe2+ 17. Kxe2 f6 18. Ne3 Ne7 19. Rhe1 Kf7 20. g4 Rhd8 21. g5
fxg5 22. Nxg5+ Kg8 23. Kd2 Nef5 24. Nxf5 Nxf5 25. Nf3 Rf8 26. Re5 Nd6 27. Ke2
Rae8 28. Rxe8 Rxe8+ 29. Ne5 Kg7 30. a4 g5 31. Rg1 Kf6 32. f4 gxf4 33. Kf3 Ke6
34. Rg7 Re7 35. Rxe7+ Kxe7 36. Kxf4 Kf6 37. Nd7+ Ke7 38. Nc5 Kf6 39. Nd7+ Ke7
40. Nc5 Kf6 1/2-1/2